Autobiografías campesinas

Gorde:
Xehetasun bibliografikoak
Erakunde egilea: Universidad Nacional. Escuela de Planificación y Promoción Social
Formatua: Texto
Argitaratua: Heredia: EUNA
Etiketak: Etiketa erantsi
Etiketarik gabe, Izan zaitez lehena erregistro honi etiketa jartzen!

MARC

LEADER 00000 a a2200000 04500
001 24968
003
040
090 |a 176600  
110 |a Universidad Nacional. Escuela de Planificación y Promoción Social  
245 |a Autobiografías campesinas  
260 |a Heredia:   |b EUNA  
300 |a 271 p.; Vol. 2  
999 |c 15348  |d 15348